000 00560nam a2200241 a 4500
001 nice12345678
003 IN_TiNIC
005 20260116013737.0
008 050524s1997 lona grp 000 0 eng
020 _a
_c175
082 0 0 _a306.0899145
_bFUL
100 _aFuller, C J
245 _aCaste Today
260 _aLondan
_bOxford University Press
_c1997
300 _a295p
500 _aincludes index and biblioraphy
505 2 _aIndex
650 _aCaste-India
700 1 _aFuller, C J
902 _bSRS
942 _cBK
999 _c12263
_d12263